Managing Change : (Record no. 17028)
[ view plain ]
| 000 -LEADER | |
|---|---|
| fixed length control field | 00705nam a22002538a 4500 |
| 001 - CONTROL NUMBER | |
| control field | 013499445 |
| 003 - CONTROL NUMBER IDENTIFIER | |
| control field | Uk |
| 005 - DATE AND TIME OF LATEST TRANSACTION | |
| control field | 20121030095320.0 |
| 008 - FIXED-LENGTH DATA ELEMENTS--GENERAL INFORMATION | |
| fixed length control field | 051222s2006 enk 000 0 eng |
| 020 ## - INTERNATIONAL STANDARD BOOK NUMBER | |
| International Standard Book Number | 0071254242 (pbk.) : |
| 020 ## - INTERNATIONAL STANDARD BOOK NUMBER | |
| International Standard Book Number | 9780071254243 |
| 082 04 - DEWEY DECIMAL CLASSIFICATION NUMBER | |
| Classification number | 658.406 |
| Edition number | 22 |
| Item number | JIC |
| 100 1# - MAIN ENTRY--PERSONAL NAME | |
| Personal name | Jick, Todd, |
| Dates associated with a name | 1949- |
| 9 (RLIN) | 30974 |
| 245 10 - TITLE STATEMENT | |
| Title | Managing Change : |
| Remainder of title | Text and Cases / |
| Statement of responsibility, etc | Todd Jick and Maury Peiperl. |
| 250 ## - EDITION STATEMENT | |
| Edition statement | 3rd ed. |
| 260 ## - PUBLICATION, DISTRIBUTION, ETC. (IMPRINT) | |
| Place of publication, distribution, etc | London : |
| Name of publisher, distributor, etc | McGraw-Hill, |
| Date of publication, distribution, etc | 2006. |
| 263 ## - PROJECTED PUBLICATION DATE | |
| Projected publication date | 200609 |
| 300 ## - PHYSICAL DESCRIPTION | |
| Extent | 1 v. |
| 500 ## - GENERAL NOTE | |
| General note | Previous ed.: 2003. |
| 650 #0 - SUBJECT ADDED ENTRY--TOPICAL TERM | |
| Topical term or geographic name as entry element | Organizational change |
| Form subdivision | Case studies. |
| 9 (RLIN) | 30975 |
| 653 ## - INDEX TERM--UNCONTROLLED | |
| Resource For college | |
| Arrived date list | September2012 |
| 700 1# - ADDED ENTRY--PERSONAL NAME | |
| Personal name | Peiperl, Maury. |
| 9 (RLIN) | 30976 |
| 942 ## - ADDED ENTRY ELEMENTS (KOHA) | |
| Source of classification or shelving scheme | Dewey Decimal Classification |
| Item type | Book - Borrowing |
| Withdrawn status | Item status | Source of classification or shelving scheme | Damaged status | Not for loan | Vendor | Home library | Current library | Shelving location | Date acquired | Source of acquisition | Cost, normal purchase price | Serial Enumeration / chronology | Total Checkouts | Full call number | Barcode | Date last seen | Koha item type | Date last borrowed | Total Renewals |
|---|---|---|---|---|---|---|---|---|---|---|---|---|---|---|---|---|---|---|---|
| Dewey Decimal Classification | Baccah | Central Library | Central Library | First floor | 25/09/2012 | 190.00 | 3 | 658.406 JIC | 000027397 | 15/07/2025 | NB - Book (Non borrowing) | ||||||||
| Dewey Decimal Classification | Baccah | Central Library | Central Library | First floor | 25/09/2012 | 190.00 | 3 | 2 | 658.406 JIC | 000027398 | 15/07/2025 | Book - Borrowing | 17/10/2012 | ||||||
| Dewey Decimal Classification | Baccah | Central Library | Central Library | First floor | 25/09/2012 | 190.00 | 3 | 658.406 JIC | 000027399 | 15/07/2025 | Book - Borrowing | ||||||||
| Dewey Decimal Classification | Baccah | Central Library | Central Library | First floor | 25/09/2012 | 190.00 | 3 | 658.406 JIC | 000027400 | 15/07/2025 | Book - Borrowing | ||||||||
| Dewey Decimal Classification | Baccah | Central Library | Central Library | First floor | 25/09/2012 | 190.00 | 3 | 658.406 JIC | 000027401 | 15/07/2025 | Book - Borrowing | ||||||||
| Dewey Decimal Classification | Baccah | Central Library | Central Library | First floor | 25/09/2012 | 190.00 | 3 | 4 | 658.406 JIC | 000027402 | 15/07/2025 | Book - Borrowing | 07/10/2019 | 13 | |||||
| Dewey Decimal Classification | Baccah | Central Library | Central Library | First floor | 30/10/2012 | 1 | 658.406 JIC | 000027754 | 15/07/2025 | Book - Borrowing | 16/01/2019 |